000 00726nam a2200253Ia 4500
005 20250425162307.0
008 250425s9999 xx 000 0 und d
041 _aspa
043 _aec
082 _a310.021
100 _aMINISTERIO DE ECONOMIA, Y FINANZAS
245 0 _aESTADOS FINANCIEROS CONSOLIDADOS SECTOR PUBLICO NO FINANCIERO
250 _a1A ED.
260 _aEcuador
_bMINISTERIO DE ECONOMIA Y FINANZAS
_c2005
260 _aQUITO
300 _a128
500 _aSUBSECRETARIA DE CONTABILIDAD GUBERNAMENTAL TOMO I Y TOMO II.
650 _aESTADISTICAS
650 _aESTADOS FINANCIEROS
650 _aSECTOR PUBLICO
710 _aMINISTERIO DE ECONOMIA Y FINANZAS
942 _c01
010 _a59988
999 _c226234
_d226234